Statistics for Bring me the Horizon - Medicine song lyrics

Click here to take the quiz!

General Stats

  • This quiz has been taken 39 times
  • The average score is 3 of 11

Answer Stats

Lyrics% Correct
Some people are a lot like clouds you know
100%
Cause life's so much brighter when they go
62%
Couldn't see the thunder for the storm
29%
'Till my mouth was dripping blood
26%
You rained on my heart for far too long
26%
Because I cut my teeth and bit my tongue
24%
But I never dished the dirt, just held my breath
18%
While you dragged me through the mud
18%
I don't know why I tried to save you 'cause
15%
When all you give a shit about is everybody else
9%
I can't save you from myself
0%

Score Distribution

Percentile by Number Answered

Percent of People with Each Score

Your Score History

You have not taken this quiz